| 000 | 00883nam a2200289 i 4500 | ||
|---|---|---|---|
| 001 | 11051 | ||
| 003 | ES-MaACL | ||
| 005 | 20260305063016.0 | ||
| 007 | t| | ||
| 008 | 921211s1993 sp ||||0| spa d | ||
| 016 | 7 | _zSIC92012868 | |
| 020 | _a84-7658-387-7 | ||
| 040 |
_aSIC _bspa _cSIC |
||
| 080 | _a159.923 | ||
| 100 | 0 |
_aFierro Bardaji, Alfredo _950713 |
|
| 245 | 1 | 0 |
_aPara una ciencia del sujeto _b: investigación de la persona(lidad) / _cAlfredo Fierro. |
| 250 | _a[1ª ed.]. | ||
| 260 |
_aBarcelona : _bAnthropos, _c1993. |
||
| 300 |
_a494 p. ; _c20 cm. |
||
| 490 | 1 |
_aAutores, textos y temas. Psicología ; _v19 |
|
| 500 | _aIndices. | ||
| 504 | _aBibliografía : p. 437-471. | ||
| 650 | 1 | 4 |
_aPersonalidad. _915971 |
| 830 | 0 | 0 |
_aAutores, textos y temas. _pPsicología _v19 _9177279 |
| 852 |
_aES-MaACL _jL-18318 _bR.122106 |
||
| 999 |
_c11051 _d11051 |
||